UM Logo

Improved flux weakening control strategy for five-phase PMSM considering harmonic voltage vectors / (Record no. 19877)

MARC details
000 -LEADER
fixed length control field 00887nam a22002177a 4500
003 - CONTROL NUMBER IDENTIFIER
control field OSt
005 - DATE AND TIME OF LATEST TRANSACTION
control field 20250917174553.0
008 - FIXED-LENGTH DATA ELEMENTS--GENERAL INFORMATION
fixed length control field 240326b ||||| |||| 00| 0 eng d
040 ## - CATALOGING SOURCE
Transcribing agency 0
082 ## - DEWEY DECIMAL CLASSIFICATION NUMBER
Classification number DPer 621.381 In821 September 2022 v. 37 n. 9
100 ## - MAIN ENTRY--PERSONAL NAME
Personal name Liu, Senyi.
Relator term author.
9 (RLIN) 55466
245 ## - TITLE STATEMENT
Title Improved flux weakening control strategy for five-phase PMSM considering harmonic voltage vectors /
Statement of responsibility, etc. Senyi Liu, Chunhua Liu, Hang Zhao, Yuxin Liu, and Zhiping Dong.
260 ## - PUBLICATION, DISTRIBUTION, ETC. (IMPRINT)
Place of publication, distribution, etc. New York ;
Name of publisher, distributor, etc. The Institute of Electrical and Electronics Engineers, Inc. ,
Date of publication, distribution, etc. September 2022.
300 ## - PHYSICAL DESCRIPTION
Extent Volume 37, pages 10967-10980 :
Other physical details illustration ;
Dimensions 28 cm.
700 ## - ADDED ENTRY--PERSONAL NAME
Personal name Liu, Senyi.
Relator term author.
9 (RLIN) 55466
700 ## - ADDED ENTRY--PERSONAL NAME
Personal name Liu, Chunhua.
Relator term author.
9 (RLIN) 55467
700 ## - ADDED ENTRY--PERSONAL NAME
Personal name Zhao, Hang.
Relator term author.
9 (RLIN) 55468
700 ## - ADDED ENTRY--PERSONAL NAME
Personal name Liu, Yuxin.
Relator term author.
9 (RLIN) 55469
700 ## - ADDED ENTRY--PERSONAL NAME
Personal name Dong, Zhiping.
Relator term author.
9 (RLIN) 55470
942 ## - ADDED ENTRY ELEMENTS (KOHA)
Source of classification or shelving scheme Dewey Decimal Classification
Koha item type Periodicals
Holdings
Withdrawn status Lost status Source of classification or shelving scheme Damaged status Not for loan Collection code Home library Current library Date acquired Total Checkouts Full call number Date last seen Price effective from Koha item type Public note
    Dewey Decimal Classification     Periodicals UM Digos College - LIC UM Digos College - LIC 03/26/2024   DPer 621.381 In821 September 2022 v. 37 n. 9 03/26/2024 03/26/2024 Periodicals Periodical Article